Zobrazenie transakcií s webovými stránkami z účtovného a daňového hľadiska

Pokračovanie príspevku z predchádzajúceho čísla.Konkrétne príklady.

Salvato in:
Dettagli Bibliografici
Autore principale: Motúzová, Zuzana
Altri autori: Tužinský, Martin
Natura: Capitolo di libro
Lingua:slovacco
Soggetti:
Tags: Aggiungi Tag
Nessun Tag, puoi essere il primo ad aggiungerne!!

MARC

LEADER 00000naa a2200000 4500
001 0151557
005 20231208085032.6
041 0 |a slo 
044 |a SK 
245 1 0 |a Zobrazenie transakcií s webovými stránkami z účtovného a daňového hľadiska  |c Zuzana Motúzová, Martin Tužinský 
520 |a Pokračovanie príspevku z predchádzajúceho čísla.Konkrétne príklady. 
610 2 0 |a legislatíva 
610 2 0 |a stránky webové 
610 2 0 |a dane 
610 2 0 |a účtovníctvo 
100 1 |a Motúzová, Zuzana 
700 1 |a Tužinský, Martin